Statistiche per Riconosci lo Stato - Quiz n°91

Clicka qui per fare il quiz!

Statistiche generali

  • Questo quiz è stato fatto 24 volte
  • Il punteggio medio è 11 su 13

Statistiche sulle risposte

IndizioRisposta% Corretto
Popolazione2 990 561 ab.
95%
Iniziale della CapitaleK
95%
ReCarlo III
Governatore generale: Patrick Allen
89%
ValutaDollaro
89%
Forma di GovernoMonarchia parlamentare (Reame del Commonwealth)
89%
Fuso OrarioUTC-5
89%
Superficie10 991 km²
84%
Primo ministroAndrew Holness
84%
Indipendenzadal Regno Unito, 6 agosto 1962
84%
Tasso di crescita0,714%
79%
ISU0,727
79%
PIL (nominale)14 837 milioni di $
79%
RispostaGiamaica
74%

Distribuzione punteggi

Percentile per numero di risposta

Percentuale di utenti per punteggio

I tuoi punteggi nel tempo

Non hai fatto questo quiz